Mario Kart 8 Deluxe Roster- Sudden Death - Statistics

General Stats
  • This quiz has been taken 470 times
  • The average score is 22 of 48
Answers on the Grid
Answers color-coded by a green-red scale on the quiz's grid according to % correct below.
Bowser
Baby Daisy
Baby Luigi
Baby Mario
Baby Peach
Baby Rosalina
Baby Waluigi
Baby Wario
Birdo
Blooper
Bob-omb
Boom Boom
Bowser Jr.
Buzzy Beetle
Cat Mario
Cat Peach
Chain Chomp
Chargin' Chuck
Cheep Cheep
Daisy
Diddy Kong
Dixie Kong
Donkey Kong
Dry Bones
Dry Bowser
Fire Mario
Funky Kong
Fuzzy
Gold Mario
Goomba
Hammer Bro
Iggy
Inkling
Isabelle
Kamek
King Bob-omb
King Boo
Koopa Troopa
Lakitu
Larry
Lemmy
Link
Ludwig
Luigi
Luma
Mario
Mii
Monty Mole
Morton
Nabbit
Ninji
Pauline
Peach
Peachette
Peepa
Petey Piranha
Pink Gold Peach
Piranha Plant
Podoboo
Pokey
Pom Pom
Rocky Wrench
Rosalina
Roy
Shy Guy
Snifit
Spike
Spiny
Tanooki Mario
Thwomp
Toad
Toadette
Toadsworth
Villager
Waluigi
Wario
Wendy
Whomp
Wiggler
Yoshi
 
Answer Stats
Answer % Correct
Bowser
98%
Baby Daisy
89%
Baby Luigi
89%
Baby Mario
88%
Baby Peach
88%
Baby Rosalina
83%
Birdo
73%
Bowser Jr.
71%
Diddy Kong
49%
Donkey Kong
48%
Mario
46%
Lemmy
45%
Cat Peach
44%
Daisy
43%
Dry Bowser
43%
Ludwig
43%
Luigi
43%
Dry Bones
42%
Funky Kong
42%
Iggy
42%
Koopa Troopa
42%
Link
42%
King Boo
41%
Larry
41%
Mii
41%
Isabelle
40%
Peach
40%
Inkling
39%
Gold Mario
38%
Lakitu
38%
Morton
38%
Kamek
36%
Pauline
36%
Pink Gold Peach
36%
Toad
35%
Wario
35%
Peachette
34%
Petey Piranha
34%
Toadette
34%
Yoshi
32%
Rosalina
31%
Shy Guy
31%
Waluigi
31%
Wendy
31%
Roy
30%
Villager
30%
Wiggler
30%
Tanooki Mario
29%
No matching quizzes found
Score Distribution
Percent of People with Each Score
Percentile by Number Answered
Your Score History
You have not taken this quiz